000 00929nam a22002537a 4500
005 20110712113049.0
008 110712t xxu||||| |||| 00| 0 eng d
010 _aENG-102990
020 _a9788176212021
_c250.00
035 _aEN-86523
037 _bDBAD / PUB
040 _adpl
_bEnglish
082 _a808.883
100 _929416
_aBharucha, Ruzbeh N.
245 _aThe fakir :
_cby Ruzbeh N. Bharucha ; edited by Supriya Bose [and] Meenal Thakore
_bthe journey continues /
260 _aNew Delhi
_bFull Circle Publishing
_c2010
270 _aJ-40, Jorbagh Lane
_bNew Delhi
_e110003
300 _a207 p.
_c20cm (pbk)
650 _929417
700 _929429
_aBose, Supriya
700 _aThakore, Meenal
_929487
942 _2ddc
_cEN
_mBHA
_h808.883
999 _c53767
_d53767